<?xml version="1.0" encoding="UTF-8"?>
<collection xmlns="http://www.loc.gov/MARC21/slim">
  <record>
    <leader>00000nam  2200000   4500</leader>
    <controlfield tag="001">INLIS000000000810191</controlfield>
    <controlfield tag="005">20251108033015</controlfield>
    <datafield tag="035" ind1="#" ind2="#">
      <subfield code="a">0010-1125000045</subfield>
    </datafield>
    <datafield tag="245" ind1="#" ind2="#">
      <subfield code="a">Semangat mendalami fikih /</subfield>
      <subfield code="c">M.fajar ansori</subfield>
    </datafield>
    <datafield tag="260" ind1="#" ind2="#">
      <subfield code="b">Erlangga</subfield>
    </datafield>
    <datafield tag="020" ind1="#" ind2="#">
      <subfield code="a">9786231804754</subfield>
    </datafield>
    <controlfield tag="008">251108###########################0######</controlfield>
    <datafield tag="082" ind1="#" ind2="#">
      <subfield code="a">297.14</subfield>
    </datafield>
    <datafield tag="084" ind1="#" ind2="#">
      <subfield code="a">297.14 FAJ s</subfield>
    </datafield>
    <datafield tag="990" ind1="#" ind2="#">
      <subfield code="a">00000004658</subfield>
    </datafield>
  </record>
</collection>
